00917nam a2200205 a 450000100100000000500170001000800410002702000150006804000250008310000380010824501280014626000270027430000210030149000820032250000320040471000640043683000890050095201050058999900170069400004174720201002035731.0131016s2004 sp 000 0 spa d a8400082400 aDO-SdBNPbspacBNPHU1 aFernández Tejero, Emilia96557314aLas masoras del Libro del Génesis :bcódice M1 de la Universidad Complutense de Madrid /cpor Emilia Fernádez Tejero. aMadrid :bCSIC,c2004. a453 p. ;c27 cm.1 aTextos y Estudios "Cardenal Cisneros" de la Biblia Políglota Matritensev73 aTexto en español y hebreo2 aConsejo de Investiagaciones Científicas (España)968596 0aTextos y Estudios "Cardenal Cisneros" de la Biblia Políglota Matritensev73915280 001050718MOaGRbGRcCTd2013-10-16iLF1l0o p41747-10r2020-06-25w2020-06-25y1ZNo se presta c41236d41236